| 000 | 00870nam0a22002651 4500 | ||
|---|---|---|---|
| 001 | RU\INFOCOMM_322\NLR\5000099729 | ||
| 005 | 20250613111614.0 | ||
| 035 | _a(NLR Aleph) 009591785 | ||
| 090 |
_a9254755 _c9254755 |
||
| 100 | _a20121210d1971 |||y0rusy50 ca | ||
| 101 | 1 |
_aslo _crus |
|
| 102 | _aRU | ||
| 105 | _ay z ||||| | ||
| 200 | 1 |
_aAuto moto _fL. Kondrašenko _gVýtvarník: V. Kirillov _g[Z rus. originálu prel. Ctibor Štítnický] |
|
| 210 |
_aM. _c"Progress" _d[1971] |
||
| 215 |
_a[16] с. _cцв. ил. _d28 см |
||
| 300 | _aНа последней с.: Л. Кондрашенко. Про машины | ||
| 620 | _aМосква | ||
| 686 |
_aДл690-700 _2rubbk |
||
| 700 | 1 |
_aKondrašenko _bL. I. _f1930- _gLeonard Ivanovič |
|
| 801 | 1 |
_aRU _bNLR _c20121210 |
|
| 801 | 0 |
_aRU _bINFOCOMM _gPSBO |
|
| 852 |
_aNLR _jСл Слов-4/732 |
||
| 942 | _cBOOK | ||
| 980 | _aNB | ||